| 000 | 00750nam a22002417a 4500 | ||
|---|---|---|---|
| 001 | 13128 | ||
| 003 | HDC | ||
| 007 | cr bn --- | ||
| 008 | 210212 my |0 eneng | ||
| 040 | _aHDC | ||
| 245 | 3 | _aAN INTRODUCTION TO ISLAMIC FINANCE | |
| 260 |
_a[No place] : _bCIMA, _c[no year] |
||
| 300 | _a13 pages | ||
| 336 |
_atext _2rdacontent |
||
| 337 |
_acomputer _2rdamedia |
||
| 338 |
_aonline resource _2rdacarrier |
||
| 650 |
_acertificate finance _913959 |
||
| 650 |
_aIslamic finance _9181 |
||
| 856 | _zRequest full-text at [email protected] | ||
| 942 | _2lcc | ||
| 942 | _cEBOOK | ||
| 942 | _kEBOK 002076 | ||
| 999 |
_c10444 _d10444 |
||